000 00666na a2200229 4500
001 18805
003 MIRAKIL
005 20181213155103.0
008 161128b tu 000 0
035 _a18805
040 _aMilas
_btur
_cTR-AnCHP
041 _atur
082 _a352.05651129
_bY35 [2001]
090 _a352.05651129 Y35 [2001]
110 _aYenimahalle Belediyesi
245 _aYenimahalle Belediyesi
_bFaaliyet raporu 1999-2000
_cYenimahalle Belediyesi
260 _aAnkara
_bYenimahalle Belediyesi
_c[2001]
300 _a93 s.
_c29 sm.
610 _aYeni Mahalle Belediyesi
_zTürkiye
650 _aYerel yönetimler
_zTürkiye
942 _2ddc
_cBKS
999 _c6311
_d6311